| 000 | 00493nam a2200157 a 4500 | ||
|---|---|---|---|
| 001 | 000042645 | ||
| 005 | 20201002040309.0 | ||
| 008 | 140203s1995 sp 000 0 spa d | ||
| 020 | _a8422653907 | ||
| 040 |
_aDO-SdBNP _bspa _cBNPHU |
||
| 082 |
_axxx _bxxx |
||
| 100 | 1 |
_aMoran, Fernando _d1926- _932429 |
|
| 245 | 1 | 0 |
_aBloc de notas : _banálisis, esperanzas y nostalgias / _cFernando Morán. |
| 260 |
_aBarcelona : _bGalaxia Gutenberg, _bCírculo de Lectores, _c1995. |
||
| 300 |
_a407 p. ; _c23 cm. |
||
| 999 |
_c42134 _d42134 |
||